MDQL
is popping MORE tags! Check the
thread
!
Quizzes
Events
Quiz Creation
Community
Videos
Private Events
Remove Ads
Sign In
Join for FREE
Feedback
Dark Mode
Quiz Categories
Sports
Geography
Music
Movies
Television
Just For Fun
Miscellaneous
History
Literature
Language
Science
Gaming
Entertainment
Religion
Holiday
For Kids
Quiz Lab
Recent
Popular Today
Quiz Kudos Today
Editor Picks
Curator Picks
Quizzes by...
Day
Popularity
Type
Ratings
Length
Year
Community
Subscriptions
Recent Discussions
Orange Saloon
Badges
Playlists
Quests
Create
Leaderboards
Showdown
Live 5
Trivia Bingo
Activity
Puzzle Library
Sporcle Events
Private Events
Virtual Trivia
Globe League
Become a Host
Pub Owners
SporcleCon
Opinionation
Our Games
Videos
Blog
Mobile Apps
Partnerships
Remove Ads and Go Orange
Feedback
Gaming
Video Games
Board Games
Card Games
Pokémon
Mario
Nintendo
Minecraft
Console
Toys
Legend of Zelda
Gaming
Video Games
Board Games
Card Games
Pokémon
Mario
Nintendo
Minecraft
Console
Toys
Legend of Zelda
Random Quiz
Search Sporcle
×
Quiz Lab
Quiz Lab
Gaming
Pokémon
Type in answers that appear in a list
Type in answers that appear in a list
Classic
Best Score? Go Orange.
All the Pokemon Stats
Can you name the all of the Pokemon so far?
By
enation24
20m
300 Questions
133 Plays
133 Plays
133 Plays
Comments
Comments
Give Quiz Kudos
Give Quiz Kudos
-
- Ratings
hide this ad
More Info
Replay
Link that replays current quiz
Next Quiz
Link to next quiz in quiz playlist
You Got
0%
They Got
Avg Score
68%
Avg Friend Score
Upgrade to see
Score Distribution
Jump to the score distribution portion of the page
Score
0/300
Timer
20:00
0
Plays Today
% Correct
Bulbasaur Ivysaur Venusaur
97.7%
Squirtle Wartortle Blastoise
97%
Charmander Charmeleon Charizard
96.2%
Caterpie Metapod Butterfree
95.5%
Weedle Kakuna Beedrill
94.7%
Mewtwo Mew
94.7%
Pidgey Pidgeotto Pidgeot
93.2%
Ekans Arbok
92.5%
Pichu Pikachu Raichu
92.5%
Eevee Vaporeon Jolteon Flareon Espeon Umbreon Leafeon Glaceon Sylveon
92.5%
Rattata Raticate
91.7%
Gastly Haunter Gengar
91.7%
Magby Magmar Magmortar
91%
Nidoran Nidorino Nidoking
90.2%
Onix Steelix
90.2%
Magikarp Gyarados
90.2%
Spearow Fearow
89.5%
Nidoran Nidorina Nidoqueen
89.5%
Elekid Electabuzz Electivire
89.5%
Articuno Zapdos Moltres
89.5%
Igglybuff Jigglypuff Wigglytuff
88.7%
Growlithe Arcanine
88.7%
Abra Kadabra Alakazam
88.7%
Dratini Dragonair Dragonite
88.7%
Kangaskhan
88%
Omanyte Omastar Kabuto Kabutops Aerodactyl
88%
Torchic Combusken Blaziken
88%
Zubat Golbat Crobat
87.2%
Meowth Persian
87.2%
Geodude Graveler Golem
87.2%
Magnemite Magneton Magnezone
87.2%
Grimer Muk
87.2%
Tauros Miltank
87.2%
Munchlax Snorlax
87.2%
Chikorita Bayleef Meganium
87.2%
Cyndaquil Quilava Typhlosion
87.2%
Cleffa Clefairy Clefable
86.5%
Oddish Gloom Vileplume Bellossom
86.5%
Poliwag Poliwhirl Poliwrath Politoed
86.5%
Bellsprout Weepinbell
86.5%
Ponyta Rapidash
86.5%
Lapras
86.5%
Sandshrew Sandslash
85%
Happiny Chansey Blissey
85%
Scyther Scizor
85%
Vulpix Ninetales
84.2%
Machop Machoke Machamp
84.2%
Doduo Dodrio
84.2%
Rhyhorn Rhydon Rhyperior
84.2%
Smoochum Jynx
84.2%
Totodile Croconaw Feraligatr
84.2%
Treecko Grovyle Sceptile
84.2%
Slowpoke Slowbro Slowking
83.5%
Exeggcute Exeggutor
83.5%
Tangela Tangrowth
83.5%
Staryu Starmie
83.5%
Mime Jr. Mr. Mime
83.5%
Pinsir
83.5%
Ditto
83.5%
Mudkip Marshtomp Swampert
83.5%
Mankey Primeape
82.7%
Drowzee Hypno
82.7%
Porygon Porygon2 Porygon-Z
82.7%
Diglett Dugtrio
82%
Psyduck Golduck
82%
Seel Dewgong
82%
Voltorb Electrode
82%
Koffing Weezing
82%
Farfetch'd
81.2%
Tyrogue Hitmonlee Hitmonchan Hitmontop
81.2%
Horsea Seadra Kingdra
81.2%
Lugia Ho-Oh
81.2%
Kyogre Groudon Rayquaza
81.2%
Venonat Venomoth
80.5%
Shellder Cloyster
80.5%
Raikou Entei Suicune
80.5%
Wurmple Silcoon Beautifly Cascoon Dustox
80.5%
Chimchar Monferno Infernape
80.5%
Paras Parasect
79.7%
Tentacool Tentacruel
79.7%
Hoothoot Noctowl
79.7%
Houndour Houndoom
79.7%
Turtwig Grotle Torterra
79.7%
Piplup Prinplup Empoleon
79.7%
Krabby Kingler
78.9%
Goldeen Seaking
78.9%
Celebi
78.9%
Jirachi Deoxys
78.9%
Cubone Marowak
78.2%
Zigzagoon Linoone
77.4%
Ledyba Ledian
76.7%
Togepi Togetic Togekiss
76.7%
Ralts Kirlia Gardevoir Gallade
76.7%
Dialga Palkia Giratina
76.7%
Delibird Skarmory
75.9%
Regirock Regice Registeel Regigigas
75.9%
Snivy Servine Serperior
75.9%
Tepig Pignite Emboar
75.9%
Sentret Furret
75.2%
Seedot Nuzleaf Shiftry
75.2%
% Correct
Larvitar Pupitar Tyranitar
74.6%
Mareep Flaaffy Ampharos
74.4%
Remoraid Octillery Mantyke Mantine
74.4%
Poochyena Mightyena
74.4%
Zangoose Seviper
74.4%
Latias Latios
74.4%
Spinarak Ariados
73.7%
Natu Xatu
73.7%
Azurill Marill Azumarill
73.7%
Starly Staravia Staraptor
73.7%
Lickitung Lickilicky
72.9%
Chinchou Lanturn
72.9%
Heracross
72.9%
Numel Camerupt Torkoal
72.9%
Darkrai Shaymin Arceus
72.9%
Murkrow Honchkrow
72.2%
Wynaut Wobbuffet
72.2%
Girafarig
72.2%
Swablu Altaria
72.2%
Bagon Shelgon Salamence
72.2%
Aipom Ambipom
71.4%
Wooper Quagsire
71.4%
Misdreavus Mismagius
71.4%
Pineco Forretress
71.4%
Sneasel Weavile
71.4%
Phanpy Donphan
71.4%
Lotad Lombre Ludicolo
71.4%
Shroomish Breloom
71.4%
Sableye Mawile
71.4%
Feebas Milotic
71.4%
Shuppet Banette
71.4%
Reshiram Zekrom Kyurem
71.4%
Aron Lairon Aggron
70.7%
Slugma Magcargo
69.9%
Duskull Dusclops Dusknoir
69.9%
Absol
69.9%
Beldum Metang Metagross
69.9%
Bidoof Bibarel
69.9%
Oshawott Dewott Samurott
69.9%
Chespin Quilladin Chesnaught
69.9%
Fennekin Braixen Delphox
69.9%
Froakie Frogadier Greninja
69.9%
Yanma Yanmega
69.2%
Cacnea Cacturne
69.2%
Heatran Cresselia
69.2%
Hoppip Skiploom Jumpluff
68.4%
Unown
68.4%
Wailmer Wailord
68.4%
Riolu Lucario
68.4%
Xerneas Yveltal Zygarde
68.4%
Snubbull Granbull
67.7%
Plusle Minun
67.7%
Budew Roselia Roserade
67.7%
Trapinch Vibrava Flygon
67.7%
Victini Meloetta Genesect
67.7%
Slakoth Vigoroth Slaking
66.9%
Carvanha Sharpedo
66.9%
Pachirisu Emolga
66.9%
Snover Abomasnow
66.9%
Bonsly Sudowoodo
66.2%
Teddiursa Ursaring
66.2%
Surskit Masquerain
66.2%
Tropius
66.2%
Spheal Sealeo Walrein
66.2%
Clamperl Huntail Gorebyss
66.2%
Gligar Gliscor
65.4%
Swinub Pilowswine Mamoswine
65.4%
Taillow Swellow
65.4%
Castform Kecleon
65.4%
Snorunt Glalie Froslass
65.4%
Shinx Luxio Luxray
65.4%
Stantler
64.7%
Wingull Pelipper
64.7%
Whismur Loudred Exploud
64.7%
Meditite Medicham
64.7%
Electrike Manectric
64.7%
Lunatone Solrock
64.7%
Barboach Whiscash
64.7%
Pidove Tranquill Unfezant
64.7%
Sigilyph Yamask Cofagrigus
64.7%
Hawlucha Dedenne Carbink Klefki
64.7%
Lileep Cradily Anorith Armaldo
63.9%
Luvdisc Alomomola
63.9%
Phione Manaphy
63.9%
Patrat Watchog
63.9%
Sunkern Sunflora
63.2%
Corsola
63.2%
Spinda
63.2%
Spiritomb Rotom
63.2%
Shuckle
62.4%
Nosepass Probopass
62.4%
Relicanth
62.4%
Uxie Mesprit Azelf
62.4%
Deino Zweilous Hydreigon
62.4%
Smeargle
61.7%
Skitty Delcatty
61.7%
Volbeat Illumise
61.7%
Spoink Grumpig
61.7%
Chingling Chimecho
61.7%
Buizel Floatzel
61.7%
% Correct
Buneary Lopunny
61.7%
Qwilfish
60.9%
Glameow Purugly
60.9%
Lillipup Herdier Stoutland
60.9%
Spritzee Aromatisse Swirlix Slurpuff
60.9%
Makuhita Hariyama
60.2%
Cranidos Rampardos Shieldon Bastiodon
60.2%
Pansear Simisear
60.2%
Axew Fraxure Haxorus
60.2%
Baltoy Claydol
59.4%
Burmy Wormadam Mothim
59.4%
Drifloon Drifblim
59.4%
Cubchoo Beartic Cryogonal
59.4%
Litleo Pyroar
59.4%
Nincada Ninjask Shedinja
58.6%
Kricketot Kricketune
58.6%
Gible Gabite Garchomp
58.6%
Finneon Lumineon
58.6%
Pansage Simisage
58.6%
Tympole Palpitoad Seismitoad
58.6%
Fletchling Fletchinder Talonflame
58.6%
Dunsparce
57.9%
Woobat Swoobat
57.9%
Heatmor Durant
57.9%
Bronzor Bronzong
57.1%
Purrloin Liepard
57.1%
Panpour Simipour
57.1%
Audino
57.1%
Vanillite Vanillish Vanilluxe
57.1%
Tornadus Thundurus Landorus
57.1%
Stunky Skuntank
56.4%
Sewaddle Swadloon Leavanny
56.4%
Tirtouga Carracosta Archen Archeops
56.4%
Trubbish Garbodor
56.4%
Cobalion Terrakion Virizion Keldeo
56.4%
Bunnelby Diggersby
56.4%
Combee Vespiquen
55.6%
Bergmite Avalugg
55.6%
Carnivine
54.9%
Blitzle Zebstrika
54.9%
Venipede Whirlipede Scolipede
54.9%
Druddigon
54.9%
Honedge Doublade Aegislash
54.9%
Noibat Noivern
54.9%
Corphish Crawdaunt
54.1%
Scatterbug Spewpa Vivillon
54.1%
Helioptile Heliolisk
54.1%
Cherubi Cherrim
53.4%
Shellos Gastrodon
53.4%
Hippopotas Hippowdon
53.4%
Throh Sawk
53.4%
Tyrunt Tyrantrum Amaura Aurorus
53.4%
Goomy Sliggoo Goodra
53.4%
Gulpin Swalot
52.6%
Munna Musharna
52.6%
Petilil Lilligant
52.6%
Karrablast Escavalier Shelmet Accelgor
52.6%
Litwick Lampent Chandelure
52.6%
Rufflet Braviary
52.6%
Croagunk Toxicroak
51.9%
Skorupi Drapion
51.9%
Ducklett Swanna
51.9%
Deerling Sawsbuck
51.9%
Ferroseed Ferrothorn
51.9%
Skrelp Dragalge
51.9%
Roggenrola Boldore Gigalith
51.1%
Timburr Gurdurr Conkeldurr
51.1%
Sandile Krokorok Krookodile
51.1%
Darumaka Darmanitan
51.1%
Zorua Zoroark
51.1%
Gothita Gothorita Gothitelle
51.1%
Klink Klang Klinglang
51.1%
Skiddo Gogoat
51.1%
Furfrou Espurr Meowstic
51.1%
Tynamo Eelektrik Eelektross
50.4%
Flabebe Floette Florges
50.4%
Clauncher Clawitzer
50.4%
Phantump Trevenant Pumpkaboo Gourgeist
50.4%
Chatot
49.6%
Drilbur Excadrill
49.6%
Mienfoo Mienshao
49.6%
Bouffalant
49.6%
Joltik Galvantula
48.1%
Vullaby Mandibuzz
48.1%
Pancham Pangoro
48.1%
Cottonee Whimsicott
47.4%
Dwebble Crustle
47.4%
Scraggy Scrafty
47.4%
Minccino Cinccino
47.4%
Solosis Duosion Reuniclus
47.4%
Golett Golurk
47.4%
Inkay Malamar
45.9%
Binacle Barbaracle
45.9%
Maractus
45.1%
Elgyem Beheeyem
45.1%
Basculin
44.4%
Foongus Amoonguss
44.4%
Frillish Jellicent
42.9%
Stunfisk
42.9%
Pawniard Bisharp
39.8%
Quiz Playlist
Details
Report
Send in Message
Add To Playlist
More Info:
Answers are put into groups to save space
Classic:
Type in answers that appear in a list
Last Updated: Feb 16, 2017
Quiz Scoreboard
CHALLENGE
Sign Up to Join the Scoreboard
Show All
Scores
Hide
Comments
May contain spoilers
Recently Published
Two Season TV Shows II
by 123Four
Television
10m
Image Sorting: Flags VI
by Barbecue
Geography
2m
Find the 'City' Movie
by crazypaving
Movies
60s
More to Explore
Quiz From the Vault
Featured Blog Post
14 Easter Pick-up Lines to Find Eggs With
hide this ad
You Might Also Like...
Tags
Pokémon Quiz
far
Today's Top Quizzes in Gaming
Browse Gaming
hide this ad
Today's Top Quizzes in Pokémon
Browse Pokémon
Top Contributed Quizzes in Gaming
1
League of Legends Pro Players by Career/Team History
2
Destiny 2 exotic weapons by perk icons
3
Genshin Impact Logic Puzzle
4
Genshin murder mystery
5
Dead By Daylight Logic Puzzle
6
4x4 Decades: Video Games
7
Ultimate Genshin Impact Logic Puzzle (up to 4.3)
8
Genshin Impact Logic Puzzle Quiz
9
Overwatch Logic Puzzle
10
Who's on the WWE 2K24 Cover?
Explore More
Trending Topics
Kpop
Anime
Crossword
Harry Potter
Marvel
Disney
NBA
Pokémon
WWE
The Office
NFL
Soccer
Song
Country
Puzzle
hide this ad
More By:
enation24
Quiz
Plays
Rating
Category
Featured
Created
Black Ops 2 Zombies Weapons
3,143
3.60
Gaming
Feb 4, 2013
Minecraft Grab Bag
2,150
3.59
Gaming
Sep 12, 2013
Minecraft Crafting
2,072
3.89
Gaming
Feb 12, 2013
Black Ops 2 Zombies Pack a Punched Weapons
1,499
4.20
Gaming
Feb 10, 2013
Call of Duty Ghosts Multiplayer Weapons
1,438
5.00
Gaming
Nov 7, 2013
Go to Creator's Profile
Score Distribution
Quiz Creator Spotlight
enation24
Follow
Send a Message
Quizzes Created
-
Created Quiz Play Count
-
More By This Creator
Popular Quizzes Today
1
Find the US States - No Outlines Minefield
2
Colored Red Africa Blitz
3
Find the 'City' Movie
4
5x2 Blitz: Bands
5
The Countries of the World
6
Find the Countries of Europe - No Outlines Minefield
7
Find the US States
8
US States
More Gaming Quizzes
Ocarina of Time Songs
Published
Trending Quizzes
Colored Red Europe Blitz I
Colored Red Africa Blitz II
Colored Red Europe Blitz II
Colored Red Europe Blitz III
Colored Red Africa Blitz III
Recently Updated
How Do You Spell That?
pecheneg
Godzilla Movies
pecheneg
Grab Bag: 4-10 Letters
pecheneg
2024 March Madness Bracket
pecheneg
Famous TV Couples
Peacemaker
Champions League XIs: Real Madrid
pecheneg
Largest US Cities 1790-2010
pecheneg
Rides in Walt Disney World
pecheneg
Most Oscar Losses (Acting)
pecheneg
Beyoncé Albums
pecheneg
Trending Topics
Harry Potter
Crossword
Kpop
Anime
Disney
NBA
Marvel
Puzzle
The Office
Country
Soccer
Song
WWE
Pokémon
NFL
Your Account Isn't Verified!
In order to create a playlist on Sporcle, you need to verify the email address you used during registration. Go to your
Sporcle Settings
to finish the process.
Report this User
Report this user for behavior that violates our
Community Guidelines
.
Details:
Send Report
Go to the Sporcle.com Mobile Site →
Comments